00385nam a2200121Ia 4500008004100000245012300041260001800164260000900182300000800191500001300199650001300212856003800225170516s9999 xx 000 0 und d aArticleContribution of the Hair Follicular Pathway to Total Skin Permeation of Topically Applied and Exposed Chemicals bPharmaceutics c2016 a8:4 aDecember xPharmacy uhttp://www.mdpi.com/1999-4923/8/4